Causation in construction law (Record no. 108149)
[ view plain ]
| 000 -LEADER | |
|---|---|
| fixed length control field | 01318cam a22002535a 4500 |
| 001 - CONTROL NUMBER | |
| control field | L143411 |
| 008 - FIXED-LENGTH DATA ELEMENTS--GENERAL INFORMATION | |
| fixed length control field | 080506s2007 xxk d f v 001 0 eng d |
| 020 ## - INTERNATIONAL STANDARD BOOK NUMBER | |
| International Standard Book Number | 9780955729300 |
| 035 ## - SYSTEM CONTROL NUMBER | |
| System control number | (Sirsi) u143411 |
| 041 0# - LANGUAGE CODE | |
| Language code of text/sound track or separate title | eng |
| 050 04 - LIBRARY OF CONGRESS CALL NUMBER | |
| Classification number | 343.078624 $2 22 |
| 100 1# - MAIN ENTRY--PERSONAL NAME | |
| Personal name | Atkinson, Daniel |
| 245 00 - TITLE STATEMENT | |
| Title | Causation in construction law |
| Remainder of title | Principles and methods of analysis |
| 260 ## - PUBLICATION, DISTRIBUTION, ETC. | |
| Place of publication, distribution, etc. | London |
| Name of publisher, distributor, etc. | Daniel Atkinson |
| Date of publication, distribution, etc. | 2007 |
| 300 ## - PHYSICAL DESCRIPTION | |
| Extent | 142 p. |
| Dimensions | 25cm |
| 350 ## - PRICE (NR) (BK AM CF MU VM SE) [OBSOLETE] | |
| Price | 85 |
| 505 2# - FORMATTED CONTENTS NOTE | |
| Formatted contents note | Causation in law -- Concepts of causation -- The principled approach -- Causation and logic -- Causation and programmes -- Methods of delay analysis -- Index |
| 520 ## - SUMMARY, ETC. | |
| Summary, etc. | This book examines causation in construction law in a practical way. Presents an extensive range of case law. Uses examples and a theoretical project to explain how to apply various concepts such as common sense, dominant cause, but-for test and new intervening act. Identifies the principles that need to be applied to construction law. Presents the possibilities of incorrectness of current methods of programme analysis. Describes the practical steps to take in case of liability. |
| 590 ## - LOCAL NOTE (RLIN) | |
| Local note | KA |
| 651 #4 - SUBJECT ADDED ENTRY--GEOGRAPHIC NAME | |
| Geographic name | England and Wales |
| Chronological subdivision | 1543- |
| 690 ## - LOCAL SUBJECT ADDED ENTRY--TOPICAL TERM (OCLC, RLIN) | |
| Topical term or geographic name as entry element | BUILT ENVIRONMENT-CONSTRUCTION MANAGEMENT-BUILDING CONTRACT ADMINISTRATION |
| 942 ## - ADDED ENTRY ELEMENTS (KOHA) | |
| Suppress in OPAC | 0 |
| Withdrawn status | Lost status | Source of classification or shelving scheme | Damaged status | Not for loan | Home library | Current library | Shelving location | Date acquired | Cost, normal purchase price | Total Checkouts | Full call number | Barcode | Date last seen | Date last checked out | Copy number | Cost, replacement price | Price effective from | Koha item type |
|---|---|---|---|---|---|---|---|---|---|---|---|---|---|---|---|---|---|---|
| Dewey Decimal Classification | London | London | Books | 03/06/2008 | 85.00 | 5 | 343.078624 ATK | 30074437 | 06/08/2019 | 17/12/2009 | 1 | 85.00 | 06/08/2019 | Book |